000 00415nam a2200133Ia 4500
008 231129s1998||||xx |||||||||||||| ||spa||
020 _a958-30-0498-7
040 _bspa
082 _a923.2 L819L
245 0 _aLocura e intriga en el asesinato y proceso de Jorge Eliécer Gaitán
260 _c1998
264 _aSantafé de Bogotá Colombia : Panamericana
942 _2ddc
_cBKS
999 _c19421
_d19421